| 000 | 00821nam a2200205 i 4500 | ||
|---|---|---|---|
| 001 | 90353 | ||
| 003 | ES-MaACL | ||
| 005 | 20250819055802.0 | ||
| 008 | 050120s1939 sp |||| | spa d | ||
| 100 | 1 |
_aLedesma Ramos, Ramiro, _d1905-1936 _971157 |
|
| 245 | 1 | 0 |
_aDiscurso a las juventudes de España / _cRamiro Ledesma Ramos ; [con dos amplias digresiones acerca del signo revolucionario de la juventud y del perfil actual de Europa ; y un prólogo de Santiago Montero Díaz]. |
| 250 | _a3ª ed. | ||
| 260 |
_a[Barcelona : _bs.n.], _c1939 ( _fTalls. Grafs. de la S.G. de P.) |
||
| 300 |
_a299 p. ; _c22 cm. |
||
| 650 | 7 |
_aFascismo _2embne _9144658 |
|
| 651 | 4 |
_aEuropa- _xHistoria- _yS.XX. _98614 |
|
| 700 | 1 |
_aMontero Díaz, Santiago, _d1911-1985 _982517 |
|
| 852 |
_aES-MaACL _jA-4634 |
||
| 999 |
_c90353 _d90353 |
||